BIBLIOTHÈQUE DE LA MAISON DU MEXIQUE

Logo 1 Logo 2

Maestros de la cirugía moderna (notice nᵒ 11341)

détails MARC
000 -Sello discográfico
campo de control de longitud fija 01030nam a2200361 4500
005 - Identificación de versión
campo de control 20250925141546.0
010 ## - Número Estándar Internacional de Libros (ISBN)
Número (ISBN) 968-16-5065-4
035 ## - Otros números de control del sistema
Número de control del sistema 3193
099 ## - fechas locales
Tipo de ítem Koha LIBRO
100 ## - Datos de procesamiento general
Datos de procesamiento general 20040513d1996 m y1spay5003 ba
200 1# - Título y mención de responsabilidad
Título propio Maestros de la cirugía moderna
Designación general del material texto impreso
Primer mención de responsabilidad Luis Horacio Toledo Pereyra
210 ## - Publicación, distribución, etc.
Lugar de publicación, distribución, etc. México
Nombre del editor, distribuidor, etc. Asociación Mexicana de Cirugía General : Fondo de Cultura Económica
Fecha de publicación, distribución, etc. 1996
215 ## - Descripción física
Designación de material específico y extensión del ítem 121 p
Otras características físicas il.
Dimensiones 23 cm
318 ## - Nota de acción
Acción No se presta a domicilio
345 ## - Nota de información de adquisición
Fuente de adquisición/dirección de la suscripción [OBSOLETO] Donación
410 #1 - Series
Título Sección de Obras de Ciencia y Tecnología
606 ## - Término temático usado como materia
Elemento de entrada Cirujanos
Subdivisión temática Biografía
Número Koha 18000
606 ## - Término temático usado como materia
Elemento de entrada Médicos
Subdivisión temática Biografía
Número Koha 18001
660 ## - Código de área geográfica
Código MX
676 ## - Clasificación Decimal Dewey
Número R617.09 T649m
700 ## - Nombre personal - Responsabilidad primaria
Elemento de entrada Toledo Pereyra
Parte del nombre distinta del elemento de entrada Luis Horacio
Número Koha 18002
801 #0 - Fuente de origen
Agencia cm
900 ## -
-- 1/7399
900 ## -
-- 7100419164\130504
942 ## - ELEMENTOS DE ENTRADA SECUNDARIOS (KOHA)
Tipo de ítem Koha Livre

Pas d'exemplaire disponible.